00369pab a2200145 454500008004000000100002200040245006100062260000900123300001500132362000800147650001100155650001200166700001600178773002900194180718b2011 xxu||||| |||| 00| 0 eng d aBerthoud, Richard aIncome, deprivation and poverty: A longitudinal analysis c2011 ap.135-156. aJan aIncome aPoverty aBryan, Mark aJournal of Social Policy